[Event "Joseph Henry Blackburne FNM; 30/90, SD/"]
[Site "Berkeley"]
[Date "2009.03.20"]
[Round "2.10"]
[White "Stoll, Danny"]
[Black "Morgan, Jerry"]
[Result "0-1"]
[WhiteElo "1302"]
[BlackElo "1420"]
[PlyCount "49"]
[EventDate "2009.??.??"]
[SourceDate "2007.10.22"]

1. c4 f5 2. d4 Nf6 3. Nc3 g6 4. Nf3 Bg7 5. b3 O-O 6. Bb2 d6 7. e3 Ng4 8. h3 Nh6
9. Bd3 Na6 10. Ng5 e5 11. h4 e4 12. Be2 c6 13. f4 Qe8 14. h5 Nc7 15. g4 Ne6 16.
gxf5 Nxf5 17. Qd2 Nxg5 18. fxg5 Ng3 19. Rg1 Nxe2 20. Qxe2 Rf3 21. h6 Bf8 22.
O-O-O Bh3 23. d5 Rf7 24. Qc2 Bf5 25. Qd2 0-1

[Event "BCC Annual Championship"]
[Site "?"]
[Date "2008.11.14"]
[Round "4.7"]
[White "Stoll, Danny"]
[Black "Motschenbacher, Von"]
[Result "0-1"]
[WhiteElo "1200"]
[BlackElo "1765"]
[PlyCount "102"]
[EventDate "2008.??.??"]
[SourceDate "2007.10.22"]

1. c4 e6 2. d4 d5 3. Nc3 c5 4. Nf3 Nc6 5. Bf4 dxc4 6. e3 cxd4 7. Nxd4 Nxd4 8.
Qxd4 Qxd4 9. exd4 a6 10. Bxc4 b5 11. Bb3 Bb7 12. O-O Nf6 13. Rad1 Bb4 14. a3
Ba5 15. Bg5 Rc8 16. Bxf6 gxf6 17. Rd3 Ke7 18. d5 Rhg8 19. Re1 Bxc3 20. bxc3
Rgd8 21. Ree3 Rc5 22. dxe6 Rxd3 23. Rxd3 fxe6 24. Re3 Bd5 25. Bxd5 Rxd5 26. f4
Kf7 27. Kf2 h5 28. Kf3 a5 29. g4 hxg4+ 30. Kxg4 Rd6 31. h4 Kg6 32. Rf3 f5+ 33.
Kg3 Kh5 34. Kh3 Rd1 35. Re3 Rc1 36. Kg3 Ra1 37. Rxe6 Rxa3 38. Re5 Rxc3+ 39. Kf2
Rb3 40. Rxf5+ Kxh4 41. Re5 Kg4 42. Re8 a4 43. Ke2 a3 44. Ra8 b4 45. Kd2 Kxf4
46. Ra4 Ke4 47. Kc2 Rb2+ 48. Kc1 Kd3 49. Ra5 Kc3 50. Rc5+ Kb3 51. Ra5 a2 0-1

[Event "Blackburne Friday Night Marathon"]
[Site "Berkeley"]
[Date "2009.04.17"]
[Round "6.5"]
[White "Stoll, Danny"]
[Black "Nelson, Christopher"]
[Result "0-1"]
[WhiteElo "1302"]
[BlackElo "1420"]
[PlyCount "98"]
[EventDate "2009.??.??"]
[SourceDate "2007.10.22"]

1. c4 f5 2. d4 Nf6 3. Nc3 e6 4. Bg5 Be7 5. Nf3 O-O 6. e3 d6 7. Be2 Qe8 8. O-O
b6 9. Rc1 Bb7 10. Nb5 Na6 11. a3 c6 12. Bxf6 Rxf6 13. Nc3 c5 14. d5 e5 15. Nb5
Rf8 16. h4 e4 17. Ng5 Bxg5 18. Nxd6 Qe7 19. Nxb7 Qxb7 20. hxg5 Qe7 21. d6 Qxg5
22. Qd5+ Kh8 23. Qb7 Rad8 24. Qxa6 Rxd6 25. Rfd1 Rh6 26. g3 Rh3 27. Bf1 Rh6 28.
Be2 Rh3 29. Kg2 Rh6 30. Rh1 Rd6 31. Rcd1 Rg6 32. Qxa7 f4 33. exf4 Qxf4 34. Rhf1
e3 35. g4 Rh6 36. Qc7 Qxc7 (36... Rh2+ 37. Kg1 exf2+ 38. Rxf2 Qxf2#) 37. f4
Qc6+ 38. Kg3 Rd6 39. Bf3 Qd7 40. Rde1 Rd3 41. Be4 e2+ 42. Bxd3 Qxd3+ 43. Rf3
Qd2 44. Rxe2 Qxe2 45. Rf2 Qd3+ 46. Kh4 Qxc4 47. f5 Qd4 48. Re2 h6 49. Kh5 Qf4
0-1

[Event "BCC Adolf Anderssen Friday Night Marath"]
[Site "Berkeley"]
[Date "2009.01.23"]
[Round "3.5"]
[White "Stoll, Danny"]
[Black "Trestor, David Jon"]
[Result "0-1"]
[WhiteElo "1371"]
[BlackElo "1710"]
[PlyCount "45"]
[EventDate "2009.??.??"]
[SourceDate "2007.10.22"]

1. c4 Nf6 2. d4 g6 3. Nc3 d5 4. Nf3 Bg7 5. e3 O-O 6. b3 dxc4 7. Bxc4 c5 8. Bb2
cxd4 9. Nxd4 e5 10. Nf3 Qxd1+ 11. Rxd1 Bg4 12. Be2 Nc6 13. O-O e4 14. Nxe4 Nxe4
15. Bxg7 Kxg7 16. Nd4 Bxe2 17. Nxe2 Rad8 18. Rc1 Rd7 19. Nd4 Nxd4 20. exd4 Rd5
21. f3 Ng5 22. Rc7 Rxd4 23. Re1 {remainder illegible; B won in a few more moves
} 0-1

[Event "BCC Championship"]
[Site "Berkeley"]
[Date "2008.12.05"]
[Round "6.12"]
[White "Stoll, Danny"]
[Black "Zeng, Kairui"]
[Result "1-0"]
[WhiteElo "1200"]
[BlackElo "1007"]
[PlyCount "69"]
[EventDate "2008.??.??"]
[SourceDate "2007.10.22"]

1. c4 e5 2. d3 Nf6 3. Nf3 Nc6 4. g3 Bb4+ 5. Bd2 Bxd2+ 6. Qxd2 O-O 7. Bg2 d6 8.
O-O Bf5 9. Nc3 Rb8 10. Nh4 Bg4 11. Qg5 h6 12. Qd2 Nd4 13. e3 Ne6 14. f4 exf4
15. exf4 a6 16. d4 c5 17. dxc5 dxc5 18. Nd5 b5 19. b3 bxc4 20. bxc4 a5 21.
Nxf6+ Qxf6 22. Qxa5 Qd4+ 23. Kh1 Qxc4 24. Rac1 Qd3 25. f5 Ra8 26. Qb6 Rfb8 27.
Qc6 Rc8 28. Qb7 Rab8 29. Qa7 g5 30. fxe6 gxh4 31. exf7+ Kg7 32. f8=Q+ Kg6 33.
Qaf7+ Kg5 34. Qf4+ Kg6 35. Q8f7# 1-0

[Event "BCC David Pruess Marathon"]
[Site "?"]
[Date "2008.09.05"]
[Round "1.6"]
[White "Strand, Doug"]
[Black "Adsuara, Percival"]
[Result "0-1"]
[WhiteElo "1191"]
[BlackElo "1788"]
[PlyCount "66"]
[EventDate "2008.??.??"]
[SourceDate "2007.10.22"]

1. b4 d6 2. Bb2 e5 3. e3 Nf6 4. c4 Be7 5. Nf3 O-O 6. Be2 c6 7. Nc3 Bg4 8. d3
Nbd7 9. O-O Qc7 10. Qc2 Bh5 11. h3 Rad8 12. a3 h6 13. Rad1 Bg6 14. Nh4 Bh7 15.
f4 exf4 16. exf4 Nb6 17. Qc1 Nfd7 18. Nf3 Rde8 19. Rf2 Nf6 20. d4 d5 21. cxd5
Nbxd5 22. Nxd5 Nxd5 23. g3 Bd6 24. Nh2 Re3 25. Rf3 Rfe8 26. Rxe3 Rxe3 27. Bf3
g5 28. Bxd5 Rxg3+ 29. Bg2 Bxf4 30. Qc4 Be4 31. Qf1 Rxg2+ 32. Qxg2 Bxg2 33. Kxg2
Bxh2 0-1

[Event "BCC Josh Friedel Marathon"]
[Site "Berkeley"]
[Date "2008.08.08"]
[Round "5.9"]
[White "Strand, Douglas"]
[Black "Anchondo, Francisco"]
[Result "1/2-1/2"]
[WhiteElo "1207"]
[BlackElo "1970"]
[PlyCount "69"]
[EventDate "2008.??.??"]
[SourceDate "2007.10.22"]

1. b4 e5 2. Bb2 Bxb4 3. Bxe5 Nf6 4. Nc3 d6 5. Bxf6 Qxf6 6. Nd5 Qd4 7. Nxb4 Qxb4
8. Nf3 O-O 9. e3 Nc6 10. Be2 a6 11. O-O b6 12. c3 Qa5 13. Qc2 Bb7 14. d4 Rae8
15. Bd3 Qh5 16. e4 Ne7 17. Rfe1 Ng6 18. Qd2 h6 19. Re2 f5 20. Rae1 Qg4 21. h3
Qf4 22. d5 fxe4 23. Bxe4 Rxe4 24. Rxe4 Qxd2 25. Nxd2 Bxd5 26. Re8 Kf7 27. Rxf8+
Kxf8 28. a3 Kf7 29. g3 Ne5 30. f4 Nd3 31. Re3 Nc5 32. Kf2 b5 33. Ke2 Bg2 34. h4
Bd5 35. Kd1 1/2-1/2

[Event "BCC Annual Championship"]
[Site "?"]
[Date "2008.11.14"]
[Round "4.5"]
[White "Strand, Douglas"]
[Black "Craven, Richard M"]
[Result "0-1"]
[WhiteElo "1231"]
[BlackElo "1515"]
[PlyCount "108"]
[EventDate "2008.??.??"]
[SourceDate "2007.10.22"]

1. b4 e6 2. b5 Nf6 3. e3 a6 4. bxa6 Nxa6 5. Bb2 c5 6. c4 d5 7. Nf3 Bd6 8. Be2
O-O 9. O-O Nc7 10. d3 Re8 11. Ne5 b5 12. Nd2 Bb7 13. Ndf3 Nd7 14. Nxd7 Qxd7 15.
Ne5 Qe7 16. Bh5 Bxe5 17. Bxe5 dxc4 18. Qg4 g6 19. Qg3 Nd5 20. dxc4 bxc4 21. Bf3
Red8 22. Rfd1 f6 23. Bb2 Ra7 24. Qh4 c3 25. Bc1 Nb4 26. Rxd8+ Qxd8 27. Qg4 f5
28. Qc4 Qd6 29. Qxc3 Bxf3 30. gxf3 Qd1+ 31. Kg2 Qc2 32. Qxc2 Nxc2 33. Rb1 Rxa2
34. Rb8+ Kg7 35. Rb7+ Kh6 36. e4+ g5 37. h4 Ne1+ 38. Kg3 f4+ 39. Kg4 Kg6 40.
hxg5 Nd3 41. Bxf4 Nxf2+ 42. Kh4 Nd3 43. Bg3 Ra6 44. Rc7 e5 45. Kg4 h5+ 46. gxh6
Kxh6 47. f4 Rg6+ 48. Kf3 Rf6 49. Ke3 exf4+ 50. Kxd3 fxg3 51. Rxc5 g2 52. Rc1
Rf1 53. Rc6+ Kg5 54. Rc5+ Kg4 0-1

[Event "BCC Adolf Anderssen Friday Night Marath"]
[Site "Berkeley"]
[Date "2009.02.06"]
[Round "5"]
[White "Strand, Douglas"]
[Black "Morgan, Jerry"]
[Result "0-1"]
[WhiteElo "1212"]
[BlackElo "1393"]
[PlyCount "68"]
[EventDate "2009.??.??"]
[SourceDate "2007.10.22"]

1. b4 d5 2. Bb2 Bg4 3. Nf3 Qd6 4. b5 Nd7 5. h3 Bxf3 6. gxf3 O-O-O 7. e3 e5 8.
d3 g6 9. Nd2 Ngf6 10. c4 d4 11. Qc2 Nc5 12. exd4 exd4 13. Ne4 Qf4 14. Bg2 Nh5
15. Ba3 Nxe4 16. Bxf8 Nxf2 17. Qxf2 Rhxf8 18. O-O Qe3 19. Rad1 Nf4 20. Rfe1
Qxf2+ 21. Kxf2 f5 22. Re7 Rd7 23. Rxd7 Kxd7 24. Bf1 Re8 25. Re1 g5 26. Rxe8
Kxe8 27. Kg3 Ke7 28. h4 h6 29. hxg5 hxg5 30. Kf2 Kd6 31. Kg3 Kc5 32. a3 Kb6 33.
Bh3 Nxh3 34. Kxh3 Ka5 0-1

[Event "David Pruess FNM; 30/90, SD/30"]
[Site "Berkeley"]
[Date "2008.10.10"]
[Round "6.10"]
[White "Strand, Douglas"]
[Black "Muntean, Tudor"]
[Result "0-1"]
[WhiteElo "1191"]
[BlackElo "1491"]
[PlyCount "40"]
[EventDate "2008.??.??"]
[SourceDate "2007.10.22"]

1. b4 d5 2. Bb2 e6 3. b5 Nf6 4. e3 c6 5. a4 Nbd7 6. c4 e5 7. cxd5 cxd5 8. Nf3
Bd6 9. Be2 O-O 10. O-O Qc7 11. Qc1 Nc5 12. h3 Qe7 13. Qc2 Bd7 14. d3 Rac8 15.
Rc1 e4 16. Nd4 Nxd3 17. Nc6 bxc6 18. Bxf6 Qxf6 19. Bxd3 exd3 20. Qxd3 Qxa1 0-1

[Event "David Pruess FNM; 30/90, SD/30"]
[Site "Berkeley"]
[Date "2008.09.26"]
[Round "4.8"]
[White "Strand, Douglas"]
[Black "Nelson, Christopher"]
[Result "0-1"]
[WhiteElo "1191"]
[BlackElo "1431"]
[PlyCount "82"]
[EventDate "2008.??.??"]
[SourceDate "2007.10.22"]

1. b4 e6 2. Bb2 d5 3. Nf3 Nf6 4. a3 c5 5. bxc5 Bxc5 6. e3 O-O 7. Be2 Nc6 8. c4
d4 9. exd4 Bxd4 10. Nxd4 Nxd4 11. O-O e5 12. h3 Bf5 13. d3 Nxe2+ 14. Qxe2 Bxd3
15. Qxe5 Bxf1 16. Kxf1 Qd1+ 17. Qe1 Qd3+ 18. Qe2 Qxe2+ 19. Kxe2 Rfe8+ 20. Kf1
Ne4 21. f3 Ng3+ 22. Kf2 Re2+ 23. Kxg3 Rxb2 24. Nc3 Rc2 25. Ne4 Rxc4 26. Rd1 f5
27. Nd6 f4+ 28. Kg4 Rd8 29. Nxc4 Rxd1 30. Na5 b6 31. Nc6 a5 32. Kxf4 Ra1 33.
Ne7+ Kf7 34. Nc8 Rb1 35. Nd6+ Ke6 36. Nc4 a4 37. Ke4 b5 38. Ne3 b4 39. axb4
Rxb4+ 40. Kd3 Rb3+ 41. Kd2 Rxe3 0-1

[Event "BCC Annual Championship"]
[Site "?"]
[Date "2008.11.07"]
[Round "3"]
[White "Strand, Doug"]
[Black "Petty, David"]
[Result "0-1"]
[WhiteElo "1231"]
[BlackElo "1990"]
[PlyCount "46"]
[EventDate "2008.??.??"]
[SourceDate "2007.10.22"]

1. b4 e5 2. Bb2 Bxb4 3. Bxe5 Nf6 4. Nc3 O-O 5. Bxf6 Qxf6 6. Nd5 Qd4 7. Nxb4
Qxb4 8. c3 Qa5 9. e3 Nc6 10. Nf3 b6 11. Qc2 Ne5 12. Qe4 Nxf3+ 13. Qxf3 Rb8 14.
Qg3 d6 15. Be2 Bb7 16. O-O Rbe8 17. Bf3 Ba6 18. Rfb1 Re5 19. Rb4 Rb5 20. Rh4
Qxa2 21. Rd1 Rb1 22. Rd4 Qc2 23. Qg4 Bc8 0-1

[Event "Berkeley CC De Firmian FNM; 30/90, SD/30"]
[Site "Berkeley"]
[Date "2012.05.04"]
[Round "6.7"]
[White "Sung, Kevin Yu"]
[Black "Sadowsky, Jacob An"]
[Result "1-0"]
[WhiteElo "1483"]
[BlackElo "1721"]
[PlyCount "73"]
[EventDate "2012.??.??"]

1. d4 Nf6 2. c4 g6 3. Nc3 Bg7 4. e4 d6 5. Nf3 O-O 6. Be2 Nbd7 7. O-O e5 8. d5
Nc5 9. Qc2 Ne8 10. Be3 b6 11. Ne1 f5 12. f3 Nf6 13. a4 f4 14. Bf2 g5 15. a5 h5
16. axb6 cxb6 17. b4 Ncd7 18. Nb5 a6 19. Nxd6 h4 20. Nxc8 Qxc8 21. Nd3 Nh5 22.
c5 bxc5 23. bxc5 Rf6 24. c6 h3 25. gxh3 Nf8 26. Kg2 Rh6 27. Be1 Ng3 28. Nf2
Nxf1 29. Bxf1 Ng6 30. Ng4 Nh4+ 31. Kf2 Rh8 32. Rb1 Rb8 33. Bxa6 Qc7 34. Rb7
Rxb7 35. Bxb7 Qb6+ 36. Ke2 Qe3+ 37. Nxe3 1-0

[Event "George Koltanowski Sunday Marathon"]
[Site "?"]
[Date "2007.11.18"]
[Round "5"]
[White "Svoboda, Steven"]
[Black "Jahedi, Salar"]
[Result "0-1"]
[WhiteElo "1900"]
[BlackElo "2025"]
[PlyCount "96"]
[EventDate "2007.10.28"]
[SourceDate "2007.10.22"]

1. d4 d5 2. c4 e6 3. Nc3 Nf6 4. Bg5 Be7 5. e3 O-O 6. Nf3 Nbd7 7. Rc1 a6 8. Bd3
dxc4 9. Bxc4 b5 10. Bd3 Bb7 11. a3 c5 12. O-O h6 13. Bh4 Rc8 14. Bb1 b4 15.
axb4 cxb4 16. Na2 g5 17. Bg3 Be4 18. Ne5 Bxb1 19. Rxc8 Qxc8 20. Qxb1 Nxe5 21.
Bxe5 Qb7 22. Rc1 b3 23. Nc3 Rc8 24. Ne2 a5 25. Nc3 Nd7 26. f4 Nxe5 27. dxe5 Qb6
28. Qe4 gxf4 29. Kf2 Qxe3+ 30. Qxe3 fxe3+ 31. Ke2 Rc5 32. Rd1 Rxe5 33. Rd7 Bc5
34. Rb7 Bb4 35. Nb5 Rd5 36. Kxe3 Rd2 37. Nc7 Rxb2 38. Ne8 Rxg2 39. Nf6+ Kg7 40.
Nh5+ Kf8 41. Rb8+ Ke7 42. Rb7+ Kd6 43. Rxf7 b2 44. Rf1 Bd2+ 45. Kf3 Rxh2 46.
Rd1 Kc6 47. Nf6 Bc1 48. Ng4 Rh5 0-1

[Event "George Koltanowski Sunday Marathon"]
[Site "?"]
[Date "2007.10.28"]
[Round "2"]
[White "Svoboda, Steven"]
[Black "Landaw, Maximillian"]
[Result "1/2-1/2"]
[WhiteElo "1900"]
[BlackElo "2121"]
[PlyCount "81"]
[EventDate "2007.10.28"]
[SourceDate "2007.10.22"]

1. d4 Nf6 2. c4 g6 3. g3 Bg7 4. Bg2 O-O 5. Nc3 d6 6. Nf3 Nbd7 7. e4 e5 8. O-O
Re8 9. h3 c6 10. Be3 Qc7 11. Qc2 a6 12. b4 b5 13. c5 exd4 14. Nxd4 dxc5 15.
bxc5 Nxc5 16. Nxc6 Bb7 17. e5 Bxc6 18. Bxc6 Qxc6 19. exf6 Bxf6 20. Rac1 Ne4 21.
Nxe4 Qxe4 22. Qc6 Qxc6 23. Rxc6 Be5 24. g4 Rec8 25. Rfc1 Rxc6 26. Rxc6 Kf8 27.
f4 Bb2 28. f5 Ke8 29. Bf4 Ra7 30. Rc8+ Kd7 31. Rf8 Ke7 32. Rc8 Kd7 33. Rb8 Bd4+
34. Kg2 Ke7 35. Kf3 Rd7 36. Ra8 Ra7 37. Rc8 Kd7 38. Rf8 Ke7 39. Rc8 Kd7 40. Rf8
Ke7 41. Rc8 {drawn by 3-fold repetition of position} 1/2-1/2

[Event "Shorman Sunday Night Marathon"]
[Site "?"]
[Date "2007.12.16"]
[Round "2"]
[White "Svoboda, Steven"]
[Black "Morgan, Jerry"]
[Result "1-0"]
[WhiteElo "1925"]
[BlackElo "1494"]
[PlyCount "109"]
[EventDate "2007.12.09"]
[SourceDate "2007.10.22"]

1. d4 f5 2. g3 Nf6 3. Bg2 g6 4. Nf3 Bg7 5. c4 O-O 6. Nc3 d6 7. O-O Qe8 8. d5 a5
9. Be3 Ng4 10. Bd4 Ne5 11. Ng5 f4 12. e3 f3 13. Nxf3 Bg4 14. Bxe5 Bxe5 15. h3
Bxf3 16. Bxf3 Qf7 17. Bg2 Na6 18. Rb1 Rab8 19. Nb5 Qf5 20. Nd4 Bxd4 21. Qxd4
Nc5 22. e4 Qg5 23. Kh2 e5 24. dxe6 Nxe6 25. Qd5 Rfe8 26. f4 Qxd5 27. exd5 Nc5
28. Rfe1 Kf7 29. Kg1 b6 30. b3 Nd3 31. Re4 Re7 32. Rxe7+ Kxe7 33. Rf1 Nc5 34.
Re1+ Kf7 35. g4 Re8 36. Rxe8 Kxe8 37. Kf2 Kf7 38. Ke3 Kf6 39. Kd4 Nd7 40. Bf3
Nc5 41. Bd1 Nd7 42. Bc2 Nc5 43. Bb1 Nd7 44. Bd3 Nc5 45. Bc2 Nd7 46. a3 Nc5 47.
b4 Na6 48. Kc3 axb4+ 49. axb4 Nb8 50. Ba4 h5 51. Bb5 h4 52. Kd4 g5 53. fxg5+
Kxg5 54. Ke4 Kf6 55. Kf4 1-0

[Event "George Koltanowski Sunday Marathon"]
[Site "?"]
[Date "2007.11.25"]
[Round "6"]
[White "Svoboda, Steven"]
[Black "Petty, David"]
[Result "0-1"]
[WhiteElo "1900"]
[BlackElo "1923"]
[Annotator "05"]
[PlyCount "156"]
[EventDate "2007.10.28"]
[SourceDate "2007.10.22"]

1. d4 Nf6 2. c4 c5 3. d5 b5 4. cxb5 a6 5. e3 d6 6. Nc3 g6 7. Nf3 Bg7 8. Bc4 O-O
9. O-O Nbd7 10. a4 Ng4 11. e4 Nge5 12. Be2 Nxf3+ 13. Bxf3 Ne5 14. Be2 f5 15.
exf5 Bxf5 16. f4 Nf7 17. Be3 Qb8 18. Ra3 Bc8 19. Qb3 Nh6 20. bxa6 Bxa6 21. Nb5
Qb7 22. g4 Qd7 23. h3 Kh8 24. Qc2 Ng8 25. Rb3 Nf6 26. Nc3 Bxe2 27. Qxe2 Rfb8
28. Rb5 Rxb5 29. Qxb5 Qc8 30. Kh2 Ne8 31. f5 Rb8 32. Qe2 Qb7 33. Rf2 Be5+ 34.
Kg1 Bxc3 35. bxc3 Qxd5 36. fxg6 Nf6 37. Rf4 Rb1+ 38. Kf2 hxg6 39. Qf3 Qa2+ 40.
Kg3 Qe6 41. h4 Re1 42. Bf2 Re4 43. Kh3 Kg7 44. a5 Rxf4 45. Qxf4 Qa2 46. g5 Nd7
47. h5 Qxa5 48. h6+ Kg8 49. h7+ Kxh7 50. Qf7+ Kh8 51. Qe8+ Kg7 52. Qxe7+ Kg8
53. Qe6+ Kf8 54. Qxd7 Qxc3+ 55. Bg3 Qh8+ 56. Kg2 Qb2+ 57. Bf2 Qe5 58. Qd8+ Kf7
59. Qd7+ Qe7 60. Qxe7+ Kxe7 61. Kf3 Ke6 62. Kf4 Kd5 63. Be1 Kd4 64. Ba5 c4 65.
Bc7 d5 66. Bb6+ Kd3 67. Ke5 c3 68. Kf4 c2 69. Be3 d4 70. Bc1 Ke2 71. Ke5 d3 72.
Kf6 d2 73. Bxd2 Kxd2 74. Kxg6 c1=Q 75. Kf6 Qc6+ 76. Kf5 Qd7+ 77. Kf4 Qg7 78.
Kg4 Ke3 0-1

[Event "BCC Grand ReOpening 2007"]
[Site "?"]
[Date "2007.09.30"]
[Round "4"]
[White "Svoboda, Steven"]
[Black "Riese, Kayven"]
[Result "0-1"]
[WhiteElo "1901"]
[BlackElo "1836"]
[PlyCount "90"]
[EventDate "2007.??.??"]
[SourceDate "2007.10.22"]

1. d4 Nf6 2. c4 e6 3. Nc3 Bb4 4. a3 Bxc3+ 5. bxc3 c5 6. e3 Nc6 7. Bd3 e5 8. d5
e4 9. Be2 Ne5 10. d6 O-O 11. Nh3 b6 12. O-O Bb7 13. a4 Qb8 14. Ng5 h6 15. f4
Nc6 16. Nh3 Na5 17. Ra2 Re8 18. g4 Re6 19. g5 Rxd6 20. Qe1 Nh7 21. Bh5 g6 22.
Bd1 h5 23. f5 Qd8 24. Qh4 Rxd1 25. Rxd1 Nxc4 26. Rf2 Ne5 27. Kh1 Bc6 28. Rd6
Qe7 29. Rxc6 Nxc6 30. c4 Na5 31. Rf4 Re8 32. Nf2 Nxg5 33. Bb2 Nf3 34. Qg3 Qd6
35. Rxf3 Qd2 36. fxg6 Qe1+ 37. Kg2 exf3+ 38. Kh3 Qf1+ 39. Kh4 Qg2 40. gxf7+
Kxf7 41. Qf4+ Kg8 42. Kxh5 Re6 43. Ng4 Qxb2 44. Qg5+ Qg7 45. Qd8+ Kh7 0-1

[Event "Shorman Sunday Night Marathon"]
[Site "?"]
[Date "2008.01.13"]
[Round "4"]
[White "Svoboda, Steven"]
[Black "Watson, Farid"]
[Result "0-1"]
[WhiteElo "1925"]
[BlackElo "1940"]
[PlyCount "62"]
[EventDate "2008.??.??"]
[SourceDate "2007.10.22"]

1. d4 Nf6 2. c4 e6 3. Nc3 Bb4 4. a3 Bxc3+ 5. bxc3 c5 6. e3 O-O 7. Bd3 d6 8. Ne2
Nc6 9. O-O b6 10. Ng3 Ba6 11. Qe2 Rc8 12. Bb2 Ne8 13. f4 f5 14. d5 exd5 15.
cxd5 Bxd3 16. Qxd3 c4 17. Qxc4 Na5 18. Qd3 Nc4 19. Bc1 g6 20. e4 Ng7 21. Re1
Qf6 22. Be3 Nxe3 23. Rxe3 fxe4 24. Nxe4 Qxf4 25. Rf3 Qe5 26. Raf1 Rxf3 27. Qxf3
Nf5 28. g4 Re8 29. gxf5 Qxe4 30. fxg6 Qxg6+ 31. Kf2 Rf8 0-1

[Event "Berkeley CC Ch2011 FNM; 30/90, SD/30"]
[Site "Berkeley"]
[Date "2011.12.02"]
[Round "5.16"]
[White "Tan, Justin J"]
[Black "Xu, Young"]
[Result "1-0"]
[WhiteElo "1481"]
[BlackElo "1187"]
[PlyCount "64"]
[EventDate "2011.??.??"]
[SourceDate "2007.10.22"]

1. d4 d5 2. c4 e5 3. dxe5 Bb4+ 4. Nc3 Ne7 5. e3 Nbc6 6. Bd2 dxc4 7. Bxc4 Nxe5
8. Be2 Nd5 9. Nxd5 Qxd5 10. Bxb4 Qxg2 11. Qd4 Nc6 12. Bb5 Bd7 13. Bxc6 Bxc6 14.
Rd1 Qe4 15. Qxe4+ Bxe4 16. f3 Bc2 17. Rc1 Bf5 18. Rxc7 b6 19. Re7+ Kd8 20. Rxf7
Re8 21. Rxf5 Rxe3+ 22. Kd2 Re6 23. Rf8+ Re8 24. Rxe8+ Kxe8 25. Ne2 Rd8+ 26. Ke3
a5 27. Bc3 g6 28. Nd4 Kf7 29. Nb5 Re8+ 30. Kf2 Rc8 31. Na7 Ke6 32. Nxc8 b5 {
remainder illegible} 1-0

[Event "Berkeley CC Santasiere FNM; 30/90, SD/3"]
[Site "Berkeley CA"]
[Date "2009.09.12"]
[Round "6.6"]
[White "Tong, My"]
[Black "Yan, Jimmy"]
[Result "0-1"]
[WhiteElo "1200"]
[BlackElo "1287"]
[PlyCount "58"]
[EventDate "2009.??.??"]
[SourceDate "2007.10.22"]

1. e4 c5 2. Nf3 e6 3. Nc3 Nc6 4. d3 g6 5. Be3 Bg7 6. Qd2 Nf6 7. Be2 a6 8. O-O
Qc7 9. Rad1 O-O 10. Bxc5 d6 11. Be3 b5 12. a3 Bb7 13. b4 Rfe8 14. h3 Rad8 15.
Bg5 e5 16. Qe3 Nxb4 17. axb4 Qxc3 18. Qd2 Qc7 19. c3 Rc8 20. Rc1 d5 21. Rfe1
dxe4 22. dxe4 Nxe4 23. Qe3 Nxc3 24. Bh6 Bxh6 25. Qxh6 Nxe2+ 26. Rxe2 Qxc1+ 27.
Qxc1 Rxc1+ 28. Kh2 Bxf3 29. gxf3 Ra1 0-1

[Event "Berkeley CC FNM; 30/90, SD/30"]
[Site "Berkeley"]
[Date "2009.05.22"]
[Round "4.1"]
[White "Trestor, David J"]
[Black "Andries, W Craig"]
[Result "1/2-1/2"]
[WhiteElo "1666"]
[BlackElo "1866"]
[PlyCount "118"]
[EventDate "2009.??.??"]
[SourceDate "2007.10.22"]

1. e4 d6 2. d4 Nf6 3. Nc3 g6 4. Be3 Bg7 5. Qd2 c6 6. Nf3 Ng4 7. Bg5 h6 8. Bf4
g5 9. Bg3 Nf6 10. h3 b5 11. Bd3 Na6 12. a3 Nc7 13. O-O-O a5 14. Ne2 b4 15. axb4
axb4 16. Qxb4 O-O 17. e5 Nfd5 18. Qb3 Be6 19. c4 Rb8 20. Qc2 Nb4 21. Qb1 Nca6
22. b3 Qa5 23. Kb2 dxe5 24. Nxe5 Rb7 25. Qa1 Qb6 26. Kc1 Nxd3+ 27. Rxd3 Bf5 28.
Rc3 Nb4 29. c5 Qb5 30. Kd2 Nd5 31. Rhc1 f6 32. Nc4 Rd8 33. Qa5 Re8 34. Qxb5
Rxb5 35. Ra1 Nxc3 36. Kxc3 Be6 37. Ra6 Bd5 38. f3 e5 39. Rb6 exd4+ 40. Nxd4
Rxc5 41. Kd3 Rd8 42. Bc7 Rd7 43. Rb8+ Kh7 44. Bb6 Bxc4+ 45. bxc4 Re5 46. Rc8 f5
47. Rxc6 Re1 48. Kd2 Rg1 49. Ke3 f4+ 50. Kf2 Rb1 51. Ne2 Bf8 52. Bd4 Bb4 53.
Bc3 Rdd1 54. Rc7+ Kg8 55. g4 Bxc3 56. Nxc3 Rb2+ 57. Ne2 Rdd2 58. Re7 Rbc2 59.
Re4 Rxe2+ 1/2-1/2

[Event "BCC David Pruess Marathon"]
[Site "?"]
[Date "2008.09.19"]
[Round "3.5"]
[White "Trestor, David"]
[Black "Cole, Tony"]
[Result "1-0"]
[WhiteElo "1749"]
[BlackElo "1391"]
[PlyCount "57"]
[EventDate "2008.??.??"]
[SourceDate "2007.10.22"]

1. e4 e5 2. f4 exf4 3. Nf3 d5 4. exd5 Qxd5 5. Nc3 Qa5 6. Bc4 Qc5 7. Qe2+ Qe7 8.
O-O Be6 9. Re1 Nc6 10. d4 Bg4 11. Qf2 Be6 12. d5 Qb4 13. Qe2 Qc5+ 14. Kh1 Nd4
15. Nxd4 Qxd4 16. dxe6 fxe6 17. Qxe6+ Be7 18. Qf7+ Kd8 19. Rd1 Qxd1+ 20. Nxd1
Nf6 21. Bxf4 Re8 22. Nc3 Bd6 23. Rd1 Re7 24. Qf8+ Re8 25. Rxd6+ cxd6 26. Qxd6+
Nd7 27. Qc7+ Ke7 28. Bg5+ Kf8 29. Qd6+ 1-0

[Event "BCC FNM"]
[Site "Berkeley Chess Club"]
[Date "2009.05.29"]
[Round "5"]
[White "Trestor, David"]
[Black "Gonda, Thomas"]
[Result "1-0"]
[WhiteElo "1616"]
[BlackElo "1622"]
[PlyCount "43"]
[EventDate "2009.??.??"]
[SourceDate "2007.10.22"]

1. e4 c5 2. Nf3 d6 3. d4 cxd4 4. Nxd4 Nf6 5. Nc3 a6 6. Bg5 e6 7. f4 Be7 8. Qf3
Qb6 9. O-O-O Nc6 10. Nb3 Bd7 11. Bxf6 gxf6 12. Qh5 $2 Qe3+ 13. Rd2 Qxf4 14. Be2
Qg5 15. Rhd1 Qxh5 16. Bxh5 f5 17. Kb1 Rg8 18. exf5 exf5 19. Nd5 Bd8 20. Re2+
Be6 $4 21. Rxe6+ Kd7 22. Re2 1-0

[Event "Berkeley CC Reti FNM; 30/90, SD/60"]
[Site "Berkeley"]
[Date "2011.04.22"]
[Round "1.6"]
[White "Trestor, David J"]
[Black "Jenkins, Gerl L"]
[Result "1-0"]
[WhiteElo "1815"]
[BlackElo "1422"]
[PlyCount "99"]
[EventDate "2011.??.??"]
[SourceDate "2007.10.22"]

1. e4 e5 2. Nf3 Bc5 3. d4 exd4 4. Bg5 f6 5. Bh4 Nc6 6. Bc4 Nge7 7. O-O d6 8. h3
g5 9. Nxg5 fxg5 10. Bxg5 Ne5 11. Qh5+ Kd7 12. Bb3 Qe8 13. Qd1 Qg6 14. f4 Nf7
15. Bh4 Kc6 16. Bxe7 Bxh3 17. Qf3 Bg4 18. Bxf7 Bxf3 19. Bxg6 d3+ 20. Rf2 dxc2
21. Na3 hxg6 22. gxf3 Be3 23. Kg2 c1=Q 24. Rxc1+ Bxc1 25. Rc2+ Kd7 26. Rxc1
Kxe7 27. Rxc7+ Ke6 28. Rxb7 Rhb8 29. Rxb8 Rxb8 30. b3 d5 31. Nc2 dxe4 32. fxe4
Rd8 33. Nb4 Rd2+ 34. Kf3 a5 35. Ke3 Rh2 36. Nd3 Rxa2 37. Kd4 Rd2 38. Kc3 Rh2
39. Kc4 Kd6 40. Ne5 Rg2 41. Kb5 Rg3 42. b4 axb4 43. Kxb4 Ke6 44. Nxg6 Rxg6 $2
45. f5+ Kf6 46. fxg6 Kxg6 47. Kc5 Kf7 48. Kd6 Ke8 49. Ke6 Kd8 50. Kf7 1-0

[Event "Berkeley CC Reti FNM; 30/90, SD/60"]
[Site "Berkeley CA"]
[Date "2011.04.29"]
[Round "3.10"]
[White "Trestor, David J"]
[Black "Loica-mersa, Caius"]
[Result "1-0"]
[WhiteElo "1821"]
[BlackElo "1223"]
[PlyCount "78"]
[EventDate "2011.??.??"]
[SourceDate "2007.10.22"]

1. e4 e6 2. d4 d5 3. Nd2 c5 4. Ngf3 Nc6 5. exd5 exd5 6. dxc5 Bxc5 7. Nb3 Bb6 8.
Bg5 f6 9. Bf4 a6 10. Qd2 Nge7 11. O-O-O Be6 12. Re1 Bf7 13. g4 O-O 14. h4 h5
15. Rg1 hxg4 16. Rxg4 Bh5 17. Rg3 Nf5 18. Rh3 Bg4 19. Bg2 Bxh3 20. Bxh3 Nce7
21. Qd3 Nd6 22. Nbd4 Bxd4 23. Nxd4 Re8 24. Qg3 Ne4 25. Rxe4 dxe4 26. Ne6 Nf5
27. Qb3 Qa5 28. Bd2 Qe5 29. Ng5+ Kh8 30. Nf7+ Kh7 31. Nxe5 Rxe5 32. Qxb7 Rd8
33. Qc7 Rde8 34. Bc3 R5e7 35. Bxf5+ g6 36. Qf4 gxf5 37. Qxf5+ Kg8 38. Bxf6 Rf7
39. Qg6+ Kf8 1-0